000 00663nam a22002177a 4500
999 _c14562
_d14562
003 AR-CdUCM
008 190423b ||||| |||| 00| 0 spa d
020 _a978-84-9825-644-4
040 _aMUNICIPALIDAD PROVINCIAL DEL CUSCO
_cBIBLIOTECA MUNICIPAL DEL CUSCO
041 _hfr
082 _aEP / 376.1 /
_bL78
100 _aLoizeau, Catherine
_933383
245 _aLos conquistadores de los mares /
260 _aBarcelona :
_bCombel,
_c2011.
300 _a67 páginas :
_bIlustraciones,
_c30 cm.
650 _aLiteratura infantil
_9588
650 _aBarcos del mundo
_933384
650 _aVikingos
_933385
942 _2ddc
_cLIBROS
945 _adavv
_d23/04/2019